| 000 | 02179nam a2200349 a 4500 | ||
|---|---|---|---|
| 001 | ebr10600342 | ||
| 003 | CaPaEBR | ||
| 006 | m u | ||
| 007 | cr cn||||||||| | ||
| 008 | 100312s2010 be a s 000 0 eng d | ||
| 010 | _z 2010006207 | ||
| 020 | _z9789052016023 | ||
| 020 | _z9783035260113 (e-book) | ||
| 040 |
_aCaPaEBR _cCaPaEBR |
||
| 035 | _a(OCoLC)812914968 | ||
| 050 | 1 | 4 |
_aHD45 _b.I5376 2010eb |
| 082 | 0 | 4 |
_a338.8/7 _222 |
| 245 | 0 | 0 |
_aInnovation networks and clusters _h[electronic resource] : _bthe knowledge backbone / _cBlandine Laperche, Paul Sommers, & Dimitri Uzunidis (eds). |
| 260 |
_aBruxelles ; _aNew York : _bPeter Lang, _cc2010. |
||
| 300 |
_a227 p. : _bill. |
||
| 505 | 0 | _aConceptualising innovation networks and clusters / Abdelillah Hamdouch -- Networking innovation and intellectual property rights : the enterprise's knowledge capital / Blandine Laperche -- Guanxi and the business environment in China : an innovative network as a "process of a knowledge-based economy" / Francis Munier and Cao Huan -- The dynamics between plural and network-based entrepreneurship in small high-tech firms / Thierry Burger Helmchen -- The local basis of innovation and growth processes / Maryann P. Feldman -- The innovative milieu as the driving force of entrepreneurship / Sophie Boutillier and Dimitri Uzunidis -- Biotechnology and nanotechnology innovation networks in Canadian clusters / Katherine Beaudry and Andrea Schiffaeurova -- Identifying clusters in the Puget sound region / Paul Sommers and William B. Beyers. | |
| 533 |
_aElectronic reproduction. _bPalo Alto, Calif. : _cebrary, _d2011. _nAvailable via World Wide Web. _nAccess may be limited to ebrary affiliated libraries. |
||
| 650 | 0 |
_aTechnological innovations _xEconomic aspects. |
|
| 650 | 0 | _aKnowledge management. | |
| 650 | 0 |
_aBusiness enterprises _xComputer networks. |
|
| 655 | 7 |
_aElectronic books. _2local |
|
| 700 | 1 | _aLaperche, Blandine. | |
| 700 | 1 | _aSommers, Paul. | |
| 700 | 1 | _aUzunidis, Dimitri. | |
| 710 | 2 | _aebrary, Inc. | |
| 856 | 4 | 0 |
_uhttp://site.ebrary.com/lib/rucke/Doc?id=10600342 _zAn electronic book accessible through the World Wide Web; click to view |
| 999 |
_c110383 _d110383 |
||